书目信息 |
| 题名: |
忏悔录
|
|
| 作者: | 卢梭, 著 ;黎星 , 范希衡 译 | |
| 分册: | ||
| 出版信息: | 北京 人民文学出版社 1992 |
|
| 页数: | 634页 | |
| 开本: | 21cm | |
| 丛书名: | 名著名译插图本 | |
| 单 册: | ||
| 中图分类: | I565.44 | |
| 科图分类: | ||
| 主题词: | 长篇小说--chang pian xiao shuo--法国--近代 , 文学 | |
| 电子资源: | ||
| ISBN: | 7-02-004083-7 | |
| 000 | 00956nam 2200313 450 | |
| 001 | CAL 012003082451 | |
| 005 | 20061120155303.80 | |
| 010 | @a7-02-004083-7@dCNY 24.00 | |
| 099 | @aCAL 012003082451 | |
| 100 | @a20030424d1992 em y0chiy0121 ea | |
| 101 | 1 | @achi@cfre |
| 102 | @aCN@b110000 | |
| 105 | @aa z 000ay | |
| 200 | 1 | @a忏悔录@AChan Hui Lu@f(法)卢梭著@F(fa)lu suo zhu@g黎星, 范希衡译 |
| 210 | @a北京@c人民文学出版社@d1992 | |
| 215 | @a634页@c图@d21cm | |
| 225 | 2 | @a名著名译插图本@Aming zhu ming yi cha tu ben |
| 312 | @a法文并列题名取自版权页 | |
| 410 | 0 | @12001 @a名著名译插图本 |
| 510 | 1 | @aLes confessions@zfre |
| 606 | 0 | @a长篇小说@Achang pian xiao shuo@y法国@z近代 |
| 606 | 0 | @a文学 |
| 690 | @aI565.44@v4 | |
| 701 | 1 | @a卢梭,@ALu Suo@bJ. J.@g(Rousseau, Jean-Jacques)@4著 |
| 702 | 0 | @a黎星@ALi Xing@4译 |
| 702 | 0 | @a范希衡@AFan Xi Heng@4译 |
| 801 | @aCN@c20061120 | |
| 905 | @a10447@dI565.44@eL791 | |
| 998 | @aXH | |
| 忏悔录/(法)卢梭著/黎星, 范希衡译.-北京:人民文学出版社,1992 |
| 634页:图;21cm.-(名著名译插图本) |
| ISBN 7-02-004083-7:CNY 24.00 |
| ● |
| 相关链接 |
|
|
|
正题名:忏悔录
索取号:I565.44/L791
 
预约/预借
| 序号 | 登录号 | 条形码 | 馆藏地/架位号 | 状态 | 备注 |
| 1 | 611095 | 206110956 | 社科二线400B/400B社科库 22排1列2层/ [索取号:I565.44/L791] | 在馆 | |
| 2 | 611096 | 206110965 | 社科二线400B/400B社科库 16排4列6层/ [索取号:I565.44/L791] | 在馆 | |
| 3 | 611097 | 206110974 | 社科二线400B/400B社科库 16排4列1层/ [索取号:I565.44/L791] | 在馆 |